40 năm công đoàn trường Đại học Cần Thơ, những năm tháng không thể nào quên

সংরক্ষণ করুন:
গ্রন্থ-পঞ্জীর বিবরন
প্রধান লেখক: Nguyễn, Văn Linh
বিন্যাস: গ্রন্থ
ভাষা:Undetermined
প্রকাশিত: Cần Thơ Nxb. Đại học Cần Thơ 2016
বিষয়গুলি:
ট্যাগগুলো: ট্যাগ যুক্ত করুন
কোনো ট্যাগ নেই, প্রথমজন হিসাবে ট্যাগ করুন!
Thư viện lưu trữ: Trung tâm Học liệu Trường Đại học Cần Thơ
LEADER 00658nam a2200193Ia 4500
001 CTU_224021
008 210402s9999 xx 000 0 und d
082 |a 331.88 
082 |b L312 
100 |a Nguyễn, Văn Linh 
245 0 |a 40 năm công đoàn trường Đại học Cần Thơ, những năm tháng không thể nào quên 
245 0 |c Nguyễn Văn Linh ... [et al.] chủ biên 
260 |a Cần Thơ 
260 |b Nxb. Đại học Cần Thơ 
260 |c 2016 
650 |a Labor unions,Công đoàn 
904 |i Tuyến 
910 |b dqhieu 
980 |a Trung tâm Học liệu Trường Đại học Cần Thơ